| 000 | 00528ntaaa2200181 4500 | ||
|---|---|---|---|
| 003 | 01 | ||
| 005 | 20251027202237.0 | ||
| 008 | 0714s1973 ag 01 | ||
| 040 |
_aAR-BaBN _bspa _cAR-BaBN _eaacr _dRIC |
||
| 082 | _a268.13 C26 | ||
| 110 |
_aCasa Bautista de Publicaciones _93790 |
||
| 245 |
_aDebo ser fiel / _cCasa Bautista de Publicaciones |
||
| 260 |
_aEl Paso : _b[El autor], _c[19--] |
||
| 300 | _a19 p. | ||
| 500 | _aMaterial para escuelas bĂblicas de vacaciones | ||
| 500 | _a"Libro del alumno. Primarios B" | ||
| 942 | _cBK | ||
| 999 |
_c17256 _d17256 |
||